Les joueurs allemands évoluant en Premier League - Statistiques

Statistiques générales
  • Ce quiz a été pris 59 fois
  • Le résultat moyen est 5 sur 15
Statistiques - réponses
Club Valeur Marchande Joueur allemand % Correct
Liverpool 110,00 mio. € Florian Wirtz
100%
Arsenal 55,00 mio. € Kai Havertz
83%
Newcastle 70,00 mio. € Nick Woltemade
81%
Manchester City 5,00 mio. € Stefan Ortega
38%
Brentford 35,00 mio. € Kevin Schade
36%
Newcastle 40,00 mio.€ Malick Thiaw
34%
Fulham 8,00 mio. € Bernd Leno
28%
West Ham 8,00 mio. € Niclas Füllkrug
21%
Leeds United 8,00 mio. € Lukas Nmecha
19%
Brighton 28,00 mio. € Brajan Gruda
17%
Brentford 18,00 mio. € Vitaly Janelt
13%
Leeds United 20,00 mio. € Anton Stach
11%
Burnley 4,00 mio. € Jordan Beyer
9%
Burnley 4,00 mio. € Max Weiß
8%
Everton 16,00 mio. € Merlin Röhl
8%
Aucun quiz correspondant
Distribution des résultats
% des personnes avec chaque résultat
Percentile par nombre de réponses
Votre historique - résultats
Vous n’avez pas pris ce quiz